000 00421nam a2200181Ia 4500
001 10849
005 20260306161902.0
008 260306t1960||||xx |||||||||||||| ||spa||
041 _aESP
082 _a974.081
_bS54
100 _aSilva Herzog, Jesús
_eAUT
245 0 _aBreve historia de la revolución mexicana
260 _c1960
300 _a
_c
650 _aGEN
654 _aCHU
942 _cLIB
_dJUS
_fJUS
_2ddc
_n
999 _c10849
_d10849